[Event "East Lansing (MI Op/2)"]
[Site "?"]
[Date "1982.??.??"]
[Round "?"]
[White "Hale, M.."]
[Black "Arganian, David H"]
[Result "0-1"]
[WhiteElo "1615"]
[BlackElo "1865"]
[PlyCount "48"]
[EventDate "1982.??.??"]

1. c4 c5 2. Nc3 g6 3. g3 Bg7 4. Bg2 Nc6 5. Nf3 e6 6. O-O Nge7 7. e4 O-O 8. Re1
d5 9. cxd5 exd5 10. e5 Bg4 11. Nb5 Nxe5 12. Qb3 Nxf3+ 13. Bxf3 Bxf3 14. Qxf3 a6
15. Nc3 Qd7 16. Rb1 Rfd8 17. b3 Nf5 18. Na4 Qc6 19. Qd1 b5 20. Nc3 Re8 21. Ne2
Qe6 22. Bb2 Bxb2 23. Rxb2 Nd4 24. Kg2 Qe4+ 0-1

[Event "East Lansing (MI Op/6)"]
[Site "?"]
[Date "1982.??.??"]
[Round "?"]
[White "Hahn, David"]
[Black "Postma, D.."]
[Result "1/2-1/2"]
[WhiteElo "2115"]
[BlackElo "1980"]
[PlyCount "34"]
[EventDate "1982.??.??"]

1. e4 e5 2. Nc3 Bc5 3. Nf3 d6 4. d4 exd4 5. Nxd4 Nf6 6. Bg5 O-O 7. Qd3 Bxd4 8.
Qxd4 Nc6 9. Qd3 h6 10. Be3 Re8 11. O-O-O Nb4 12. Qd4 Nc6 13. Qd3 Nb4 14. Qd2
Nxe4 15. Nxe4 Rxe4 16. f3 Re8 17. Qxb4 Rxe3 1/2-1/2

[Event "East Lansing (MI Op/2)"]
[Site "?"]
[Date "1982.??.??"]
[Round "?"]
[White "Hahn, David"]
[Black "Koster, Ed"]
[Result "1/2-1/2"]
[WhiteElo "2115"]
[BlackElo "2010"]
[PlyCount "103"]
[EventDate "1982.??.??"]

1. e4 e5 2. Nc3 Nf6 3. g3 d5 4. exd5 Nxd5 5. Bg2 Nxc3 6. bxc3 Bd6 7. Ne2 O-O 8.
O-O c5 9. d3 Nc6 10. f4 Qc7 11. f5 f6 12. Bd5+ Kh8 13. Be4 b6 14. c4 Bb7 15.
Nc3 Ne7 16. Nb5 Qd7 17. Bxb7 Qxb7 18. Nxd6 Qd7 19. Nb5 a6 20. Nc3 Qd4+ 21. Kg2
Qxc3 22. Bd2 Qd4 23. a4 Nc6 24. Qf3 e4 25. Qxe4 Qxe4+ 26. dxe4 Ne5 27. Bf4 Nxc4
28. Rab1 Rfe8 29. Kf3 Rad8 30. Rb3 Kg8 31. Re1 Rd4 32. g4 Kf7 33. h4 g6 34.
fxg6+ hxg6 35. Re2 Re7 36. Rb1 Re6 37. g5 f5 38. e5 Na5 39. Ra1 Nc6 40. Rb1
Rxa4 41. c3 b5 42. h5 Ra3 43. hxg6+ Kxg6 44. Re3 b4 45. cxb4 Rxe3+ 46. Kxe3
cxb4 47. Kd3 Nxe5+ 48. Kd4 Nf3+ 49. Kc5 Re4 50. Rxb4 Nxg5 51. Rxe4 fxe4 52. Kd4
1/2-1/2

[Event "East Lansing (MI Op/4)"]
[Site "?"]
[Date "1982.??.??"]
[Round "?"]
[White "Hahn, David"]
[Black "Finegold, Ben"]
[Result "1/2-1/2"]
[WhiteElo "2115"]
[BlackElo "2020"]
[PlyCount "46"]
[EventDate "1982.??.??"]

1. e4 e6 2. Nf3 d5 3. Nc3 Nf6 4. Qe2 Be7 5. g3 c5 6. Bg2 Nc6 7. O-O O-O 8. d3
d4 9. Nb1 e5 10. a4 Be6 11. Ng5 Bg4 12. f3 Bh5 13. Nh3 Qd7 14. Nd2 Ne8 15. g4
Bg6 16. f4 exf4 17. Nxf4 Ne5 18. h3 Nc7 19. Nf3 Bd6 20. Nxe5 Bxe5 21. h4 f6 22.
Bd2 Ne6 23. Nxe6 Qxe6 1/2-1/2

[Event "Ann Arbor (MI Futurity/4)"]
[Site "?"]
[Date "1982.??.??"]
[Round "?"]
[White "Goodman, D.."]
[Black "Tennant, S.."]
[Result "1-0"]
[WhiteElo "2350"]
[BlackElo "2315"]
[PlyCount "95"]
[EventDate "1982.??.??"]

1. d4 Nf6 2. c4 g6 3. Nc3 Bg7 4. e4 d6 5. Be2 O-O 6. Nf3 e5 7. O-O Nc6 8. d5
Ne7 9. b4 Nh5 10. c5 Nf4 11. Bxf4 exf4 12. Rc1 h6 13. Nd2 g5 14. Nc4 Ng6 15.
Bg4 Ne5 16. Nxe5 Bxe5 17. Bxc8 Rxc8 18. Nb5 Qf6 19. c6 b6 20. Nxa7 Ra8 21. Nb5
Rxa2 22. Nxc7 Qg6 23. f3 g4 24. Nb5 Rxg2+ 25. Kxg2 gxf3+ 26. Kxf3 Qh5+ 27. Kf2
Qxh2+ 28. Ke1 Qg3+ 29. Rf2 Qg1+ 30. Ke2 f3+ 31. Kd3 Qxf2 32. Qg1+ Qg2 33. Qxg2+
fxg2 34. Rg1 Ra8 35. c7 Rc8 36. Rxg2+ Kf8 37. Rc2 Ke7 38. Na7 Kd7 39. Nxc8 Kxc8
40. Ke3 h5 41. Kf3 b5 42. Kg2 h4 43. Kh3 Bg3 44. Kg4 f6 45. Rc6 Be1 46. Rxd6
Kxc7 47. Rxf6 Bxb4 48. Rc6+ 1-0

[Event "Ann Arbor (MI Futurity/5)"]
[Site "?"]
[Date "1982.??.??"]
[Round "?"]
[White "Goodman, D.."]
[Black "Puls, M.."]
[Result "1-0"]
[WhiteElo "2350"]
[BlackElo "2105"]
[PlyCount "51"]
[EventDate "1982.??.??"]

1. d4 Nf6 2. c4 c5 3. d5 e6 4. Nc3 exd5 5. cxd5 d6 6. Nf3 g6 7. Nd2 Bg7 8. Nc4
O-O 9. Bg5 h6 10. Bf4 b6 11. Bxd6 Re8 12. Bf4 Ne4 13. Nxe4 Rxe4 14. e3 b5 15.
Nd2 Rb4 16. b3 Bf5 17. Rc1 Na6 18. Be2 Rxf4 19. exf4 Qe7 20. O-O Bb2 21. Bxb5
Nb4 22. d6 Qxd6 23. Nc4 Qxd1 24. Rcxd1 a6 25. Bd7 Bc2 26. Nxb2 1-0

[Event "Ann Arbor (MI Futurity/6)"]
[Site "?"]
[Date "1982.??.??"]
[Round "?"]
[White "Goodman, D.."]
[Black "Martinovsky, E.."]
[Result "1-0"]
[WhiteElo "2350"]
[BlackElo "2365"]
[PlyCount "99"]
[EventDate "1982.??.??"]

1. d4 Nf6 2. c4 g6 3. d5 c6 4. Nc3 cxd5 5. cxd5 d6 6. e4 Bg7 7. Nf3 O-O 8. Nd4
e5 9. Nb3 Nfd7 10. Be2 f5 11. O-O Nf6 12. exf5 Bxf5 13. Be3 Na6 14. Rc1 Kh8 15.
f3 Nc7 16. Qd2 b6 17. Na1 Bc8 18. b4 Bb7 19. Bc4 Rc8 20. Qd3 Rf7 21. a4 Nh5 22.
b5 Nf4 23. Qd2 Ne8 24. Na2 Rfc7 25. Bb3 Rxc1 26. Rxc1 Rxc1+ 27. Nxc1 Nf6 28.
Bxf4 exf4 29. Nc2 Qc7 30. Nb4 Qc5+ 31. Kf1 g5 32. Ncd3 Qc7 33. Nc6 a6 34. Qe2
axb5 35. axb5 Qd7 36. Ndb4 Ne8 37. Qe6 Bc8 38. Ne7 Nf6 39. Nbc6 Bb7 40. Nf5
Qxe6 41. dxe6 Ne8 42. Nd8 Ba8 43. Nf7+ Kg8 44. N7xd6 Nf6 45. e7+ Kh8 46. Nf7+
Kg8 47. Nxg5+ Kh8 48. Nf7+ Kg8 49. N7d6+ Kh8 50. Nxg7 1-0

[Event "Ann Arbor (MI Futurity/8)"]
[Site "?"]
[Date "1982.??.??"]
[Round "?"]
[White "Goodman, D.."]
[Black "Gajic, Z.."]
[Result "1-0"]
[WhiteElo "2355"]
[BlackElo "2305"]
[PlyCount "85"]
[EventDate "1982.??.??"]

1. d4 e6 2. c4 Nf6 3. Nf3 b6 4. a3 Bb7 5. Nc3 Be7 6. d5 O-O 7. g3 exd5 8. cxd5
b5 9. Bg2 b4 10. axb4 Bxb4 11. Nh4 Bxc3+ 12. bxc3 d6 13. O-O Nbd7 14. e4 Re8
15. f3 Ne5 16. Nf5 Bc8 17. Nd4 a5 18. f4 Nc4 19. Nc6 Qd7 20. Qd4 Ba6 21. Rd1
Bb5 22. h3 Qc8 23. e5 Nd7 24. e6 Nc5 25. Rb1 Ba6 26. f5 f6 27. g4 Ne5 28. Ba3
Nb7 29. h4 Nc4 30. Bc1 a4 31. g5 Ne5 32. Ba3 Kh8 33. c4 Rf8 34. Nxe5 fxe5 35.
Qg4 Na5 36. Bf1 Nb3 37. Bd3 Qe8 38. Kh2 Nd4 39. Bc1 c6 40. g6 hxg6 41. fxg6 Kg8
42. Qh5 Nf3+ 43. Kh1 1-0

[Event "East Lansing (MI Op/1)"]
[Site "?"]
[Date "1982.??.??"]
[Round "?"]
[White "Geshel, J.."]
[Black "Thompson, Dexter"]
[Result "0-1"]
[WhiteElo "1835"]
[BlackElo "2060"]
[PlyCount "54"]
[EventDate "1982.??.??"]

1. b3 d5 2. Bb2 c5 3. e3 Nc6 4. Nf3 Nf6 5. d3 Qc7 6. Bxf6 exf6 7. Nc3 c4 8. Qd2
Bb4 9. O-O-O Qa5 10. Kb2 Be6 11. Ra1 Qa3+ 12. Kb1 a5 13. Nb5 Bxd2 14. Nxa3 Bc3
15. Nb5 Bxa1 16. Nc7+ Ke7 17. Nxa8 Rxa8 18. Kxa1 c3 19. Be2 a4 20. Rb1 Nb4 21.
Nd4 f5 22. Bd1 b5 23. Ne2 d4 24. Nxd4 axb3 25. Rxb3 Rxa2+ 26. Kb1 Bxb3 27. Nxb3
Rb2+ 0-1

[Event "East Lansing (MI Op/5)"]
[Site "?"]
[Date "1982.??.??"]
[Round "?"]
[White "Geshel, J.."]
[Black "Pendell, C.."]
[Result "1/2-1/2"]
[WhiteElo "1835"]
[BlackElo "1815"]
[PlyCount "120"]
[EventDate "1982.??.??"]

1. b3 e5 2. Bb2 d6 3. e3 Nf6 4. Nc3 c6 5. e4 Nbd7 6. Nf3 Be7 7. d4 Qa5 8. dxe5
dxe5 9. Bd3 Nc5 10. O-O Bg4 11. h3 Bh5 12. g4 Nxg4 13. hxg4 Bxg4 14. a3 Ne6 15.
b4 Qc7 16. Nb1 Bf6 17. Nbd2 Nf4 18. Qe1 Bh3 19. Nc4 Ng6 20. Qe3 Bxf1 21. Bxf1
O-O 22. Rd1 b5 23. Na5 Rfd8 24. Rxd8+ Rxd8 25. Qc5 Rc8 26. Bh3 Rd8 27. Nxc6
Rd1+ 28. Kh2 a6 29. Bf5 Ne7 30. Nxe7+ Qxe7 31. Qxe7 Bxe7 32. Bxe5 Bd6 33. Bxd6
Rxd6 34. e5 Rd1 35. Bc8 Ra1 36. Bxa6 Rxa3 37. Bb7 Ra4 38. c3 Ra3 39. Nd4 Rxc3
40. Nxb5 Rb3 41. Nd6 Rxb4 42. Bd5 Kf8 43. Nxf7 Rf4 44. Kg3 Rxf7 45. Bxf7 Kxf7
46. Kg4 Ke6 47. f4 g6 48. Kg5 h5 49. Kxg6 h4 50. f5+ Kxe5 51. f6 h3 52. f7 h2
53. f8=Q h1=Q 54. Qb8+ Kd4 55. Qb6+ Kc4 56. Qa6+ Kd4 57. Qa4+ Kc5 58. Qa5+ Kd4
59. Qb4+ Ke3 60. Qc3+ Kf2 1/2-1/2

[Event "East Lansing (MI Op/3)"]
[Site "?"]
[Date "1982.??.??"]
[Round "?"]
[White "Geno, R.."]
[Black "Youssef, I.."]
[Result "1/2-1/2"]
[WhiteElo "1820"]
[BlackElo "2010"]
[PlyCount "90"]
[EventDate "1982.??.??"]

1. e4 e5 2. Bc4 Nf6 3. d3 d6 4. h3 Nc6 5. a3 Be7 6. Nf3 O-O 7. c3 d5 8. exd5
Nxd5 9. O-O Bf6 10. Nbd2 Be6 11. Re1 Nf4 12. Bxe6 Nxe6 13. Ne4 Kh8 14. Nxf6
Qxf6 15. Qb3 Nc5 16. Qd5 Qd6 17. Qxd6 cxd6 18. Rd1 Nb3 19. Rb1 d5 20. Nd2 Nxc1
21. Rbxc1 f5 22. b4 Rad8 23. Nb3 b5 24. Nc5 Rfe8 25. f3 d4 26. c4 bxc4 27. Rxc4
Ne7 28. Ne6 Rc8 29. Rdc1 Rxc4 30. Rxc4 Kg8 31. Nc5 Nd5 32. g3 Kf7 33. Kf2 g5
34. Nb7 Rb8 35. Na5 Re8 36. Rc5 Ke6 37. Nc4 e4 38. Rc6+ Ke7 39. fxe4 fxe4 40.
dxe4 Nc3 41. Nd6 Rd8 42. Nf5+ Kf7 43. Rc7+ Kf6 44. Kf3 Nb1 45. Rc6+ Kf7 1/2-1/2

[Event "East Lansing (MI Op/5)"]
[Site "?"]
[Date "1982.??.??"]
[Round "?"]
[White "Geno, R.."]
[Black "Schreiber, E.."]
[Result "1-0"]
[WhiteElo "1820"]
[BlackElo "1620"]
[PlyCount "85"]
[EventDate "1982.??.??"]

1. e4 e5 2. Bc4 Nf6 3. d3 Nc6 4. a3 Bc5 5. Nf3 d6 6. h3 h6 7. c3 Qe7 8. O-O O-O
9. a4 a5 10. Re1 Nd8 11. d4 exd4 12. cxd4 Bb6 13. Nc3 Be6 14. d5 Bd7 15. b3 Re8
16. Ba3 Bxh3 17. gxh3 Qd7 18. Kg2 c6 19. e5 Nh5 20. Bc1 dxe5 21. Rxe5 Rxe5 22.
Nxe5 Qf5 23. Ng4 Nf6 24. Bd3 Qd7 25. Nxf6+ gxf6 26. Qg4+ Qxg4+ 27. hxg4 Kg7 28.
Bd2 Bd4 29. Rh1 Bxc3 30. Bxc3 cxd5 31. Bd2 Kf8 32. Rxh6 Ke7 33. Bc3 Ne6 34.
Bxf6+ Kd6 35. Kg3 Kc5 36. Rh7 Nd4 37. Bxd4+ Kxd4 38. Be2 Rc8 39. Rxf7 Rc2 40.
Bf3 b6 41. Rb7 Kc3 42. Rc7+ Kxb3 43. Bd1 1-0

[Event "East Lansing (MI Op/2)"]
[Site "?"]
[Date "1982.??.??"]
[Round "?"]
[White "Geno, R.."]
[Black "Lehotzky, Attila"]
[Result "1-0"]
[WhiteElo "1820"]
[BlackElo "1915"]
[PlyCount "77"]
[EventDate "1982.??.??"]

1. e4 c5 2. Bc4 d6 3. d3 Nf6 4. h3 a6 5. Nc3 Nc6 6. a3 g6 7. Bd2 Bg7 8. Qc1 Nd4
9. Nge2 Nxe2 10. Nxe2 Qb6 11. O-O h6 12. Bb3 Bd7 13. Rb1 Bc6 14. Qe1 Qc7 15.
Ng3 e6 16. Bc3 O-O 17. e5 dxe5 18. Bxe5 Qd7 19. Qe3 Nd5 20. Qe1 f6 21. Bc3 Kh7
22. Ne4 b6 23. f3 Rae8 24. Rf2 Nxc3 25. Nxc3 f5 26. Re2 e5 27. Qg3 b5 28. Rbe1
c4 29. dxc4 bxc4 30. Ba2 e4 31. fxe4 Be5 32. Qh4 fxe4 33. Nxe4 Rf4 34. Nf6+
Rxf6 35. Rxe5 Qa7+ 36. Kh2 g5 37. Rxe8 gxh4 38. R1e7+ Qxe7 39. Rxe7+ 1-0

[Event "East Lansing (MI Op/3)"]
[Site "?"]
[Date "1982.??.??"]
[Round "?"]
[White "Gendloff, E.."]
[Black "Haluska, James"]
[Result "0-1"]
[WhiteElo "1800"]
[BlackElo "1915"]
[PlyCount "56"]
[EventDate "1982.??.??"]

1. e4 e5 2. Nf3 Nc6 3. Bb5 a6 4. Ba4 Nf6 5. O-O b5 6. Bb3 Be7 7. Re1 d6 8. c3
O-O 9. h3 Na5 10. Bc2 c5 11. d4 Qc7 12. Nbd2 Bd7 13. Nf1 Rac8 14. d5 c4 15. Ng3
Nb7 16. Bg5 Nc5 17. Nh4 Nxd5 18. exd5 Bxg5 19. Bxh7+ Kxh7 20. Qh5+ Bh6 21. Nhf5
Bxf5 22. Nxf5 Nd3 23. Nxh6 gxh6 24. Qf5+ Kg7 25. Re3 Rg8 26. Rg3+ Kf8 27. Qh5
Rxg3 28. Qxh6+ Rg7 0-1

[Event "East Lansing (MI Op/2)"]
[Site "?"]
[Date "1982.??.??"]
[Round "?"]
[White "Gendloff, E.."]
[Black "Gaba, H.."]
[Result "1/2-1/2"]
[WhiteElo "1800"]
[BlackElo "1910"]
[PlyCount "82"]
[EventDate "1982.??.??"]

1. e4 e5 2. Nf3 Nc6 3. Bb5 Nd4 4. Nxd4 exd4 5. d3 c6 6. Ba4 Qa5+ 7. c3 Nf6 8.
O-O dxc3 9. Nxc3 Be7 10. Bf4 d6 11. d4 b5 12. Bc2 b4 13. Ne2 O-O 14. Ng3 Qb5
15. Re1 a5 16. Bd3 Qb6 17. e5 Nd5 18. exd6 Bh4 19. Qh5 g6 20. Qxh4 Qxd4 21. Ne4
Nxf4 22. Qxf4 Qxd3 23. Qh6 Qd4 24. Ng5 Qg7 25. Qxg7+ Kxg7 26. Rac1 h6 27. Nf3
Be6 28. b3 Rad8 29. Ne5 Rxd6 30. Nxc6 Rc8 31. Nxa5 Rxc1 32. Rxc1 Rd2 33. Nc6
Rxa2 34. Nxb4 Rb2 35. Nc6 Bxb3 36. h3 Rd2 37. Ne5 h5 38. Nf3 Rd5 39. Re1 f6 40.
Rb1 Bc2 41. Rc1 Be4 1/2-1/2

[Event "Ann Arbor (MI Futurity/6)"]
[Site "?"]
[Date "1982.??.??"]
[Round "?"]
[White "Gajic, Z.."]
[Black "Whitehouse, D.."]
[Result "1-0"]
[WhiteElo "2305"]
[BlackElo "2290"]
[PlyCount "94"]
[EventDate "1982.??.??"]

1. e4 e6 2. d4 d5 3. Nd2 c5 4. Ngf3 Nc6 5. Bb5 Bd6 6. Qe2 Nge7 7. e5 Bb8 8.
dxc5 O-O 9. O-O Ng6 10. Bxc6 bxc6 11. b3 Qe7 12. Qe3 a5 13. Bb2 Ba7 14. Bd4 Bd7
15. c3 Rae8 16. b4 Bb8 17. Ne1 f6 18. f4 fxe5 19. fxe5 Rxf1+ 20. Nxf1 Nh4 21.
Ng3 Rf8 22. a4 Qf7 23. Qe2 axb4 24. cxb4 Qf4 25. Nc2 Ng6 26. Rf1 Qg5 27. Re1
Nf4 28. Qd1 h5 29. Be3 h4 30. Bxf4 Qxf4 31. Rf1 Qxe5 32. Rxf8+ Kxf8 33. Nf1 Qf6
34. Qh5 Ke7 35. a5 Bc8 36. Nfe3 Ba6 37. Qg4 Be5 38. Qd1 Qf4 39. Ng4 Bc7 40. h3
Bc4 41. Nd4 Kd7 42. Nf3 e5 43. Qa1 d4 44. a6 Bd5 45. a7 Bxf3 46. a8=Q Bxg4 47.
hxg4 h3 1-0

[Event "Southfield (MEX/4)"]
[Site "?"]
[Date "1982.??.??"]
[Round "?"]
[White "Gajic, Z.."]
[Black "Riggins, D.."]
[Result "1-0"]
[WhiteElo "2320"]
[BlackElo "2110"]
[PlyCount "103"]
[EventDate "1982.??.??"]

1. e4 c5 2. Nf3 Nc6 3. Nc3 a6 4. d4 cxd4 5. Nxd4 e6 6. g3 Bb4 7. Be3 Nf6 8.
Nxc6 bxc6 9. Bg2 d5 10. exd5 cxd5 11. O-O O-O 12. Qd4 Be7 13. Na4 Bd7 14. Nb6
Rb8 15. a4 e5 16. Qxe5 Ng4 17. Qxb8 Qxb8 18. Nxd7 Qxb2 19. Nxf8 Nxe3 20. fxe3
Qe5 21. Nd7 Qd6 22. Bh3 g6 23. Rab1 f5 24. Nb6 Bg5 25. Rfe1 Qc5 26. Kh1 Bxe3
27. Nd7 Qxc2 28. Nf6+ Kg7 29. Nxd5 Bd2 30. Red1 Qxa4 31. Bg2 Qc2 32. Rb7+ Kh6
33. Bf3 Bg5 34. h4 Bxh4 35. gxh4 Qf2 36. Rb3 Qxh4+ 37. Kg2 Qg5+ 38. Kf2 Qh4+
39. Ke3 Qg5+ 40. Ke2 Qg3 41. Rh1+ Kg5 42. Rbb1 Qe5+ 43. Kd3 h5 44. Rhg1+ Kh6
45. Rb6 Qe8 46. Kd2 a5 47. Bxh5 Qd8 48. Bf3 Qe8 49. Rh1+ Kg5 50. Rbb1 f4 51.
Rhg1+ Kf5 52. Bg4+ 1-0

[Event "East Lansing (MI Op/3)"]
[Site "?"]
[Date "1982.??.??"]
[Round "?"]
[White "Gajic, Z.."]
[Black "Pray, Don"]
[Result "1-0"]
[WhiteElo "2320"]
[BlackElo "2070"]
[PlyCount "43"]
[EventDate "1982.??.??"]

1. e4 e6 2. d4 d5 3. Nd2 Nf6 4. e5 Nfd7 5. Bd3 c5 6. c3 Nc6 7. Ne2 cxd4 8. cxd4
f6 9. exf6 Nxf6 10. O-O Bd6 11. Nf3 Qc7 12. Nc3 a6 13. Re1 O-O 14. Bg5 Ng4 15.
g3 Qf7 16. Be2 e5 17. dxe5 Ncxe5 18. Bf4 Qh5 19. Qxd5+ Kh8 20. Bxe5 Bxe5 21.
Nh4 Nxf2 22. Bxh5 1-0

[Event "Ann Arbor (MI Futurity/2)"]
[Site "?"]
[Date "1982.??.??"]
[Round "?"]
[White "Gajic, Z.."]
[Black "O'Donnell, Robert"]
[Result "1-0"]
[WhiteElo "2305"]
[BlackElo "2150"]
[PlyCount "119"]
[EventDate "1982.??.??"]

1. e4 g6 2. d4 Bg7 3. Nf3 d6 4. Be3 Nf6 5. Nc3 O-O 6. Bc4 c6 7. Bb3 b5 8. a3
Qc7 9. h3 e5 10. O-O Nbd7 11. Qd2 exd4 12. Bxd4 Nc5 13. e5 Nxb3 14. cxb3 dxe5
15. Bxe5 Qb6 16. Qf4 Nh5 17. Qh4 Qd8 18. Qe4 Re8 19. Qxc6 Bxh3 20. Rad1 Qc8 21.
Qxc8 Bxc8 22. Bxg7 Kxg7 23. Nxb5 Re2 24. Rd2 Rxd2 25. Nxd2 Ba6 26. Nc7 Rd8 27.
Nc4 Bxc4 28. bxc4 Rc8 29. Nb5 Rxc4 30. Nxa7 Nf4 31. Rb1 Kf6 32. b4 Nd5 33. Nb5
Ke6 34. Rd1 f5 35. Rd3 f4 36. Kf1 Ke5 37. Ke2 g5 38. Kd2 h5 39. Rh3 h4 40. Rh1
Nf6 41. Kd3 f3 42. gxf3 Rf4 43. Re1+ Kd5 44. Nc3+ Kd6 45. Ke3 Kc6 46. Rh1 Kb6
47. Ne4 Rf5 48. Nxf6 Rxf6 49. Rg1 Re6+ 50. Kd3 Rf6 51. Ke4 Rf4+ 52. Ke3 Rf5 53.
Rg4 Kc6 54. Ke4 Rd5 55. f4 h3 56. fxg5 h2 57. Rh4 Rxg5 58. Rxh2 Kb5 59. f4 Rg3
60. Rh5+ 1-0

[Event "Ann Arbor (MI Futurity/1)"]
[Site "?"]
[Date "1982.??.??"]
[Round "?"]
[White "Gajic, Z.."]
[Black "Kensek, R.."]
[Result "1-0"]
[WhiteElo "2305"]
[BlackElo "2220"]
[PlyCount "71"]
[EventDate "1982.??.??"]

1. e4 c5 2. Nf3 d6 3. d4 cxd4 4. Nxd4 Nf6 5. Nc3 a6 6. Bg5 e6 7. f4 Be7 8. Qf3
Qc7 9. O-O-O Nbd7 10. Bd3 h6 11. Bh4 g5 12. fxg5 Ne5 13. Qe2 Nfg4 14. Nf3 Nxf3
15. gxf3 hxg5 16. Bg3 Ne5 17. f4 gxf4 18. Bxf4 Bd7 19. Bxe5 dxe5 20. Rdf1 Rh7
21. Qg4 O-O-O 22. h4 Rdh8 23. h5 Qd8 24. Rfg1 Bf8 25. Be2 Bh6+ 26. Kb1 Rg7 27.
Qf3 Rhg8 28. Rxg7 Rxg7 29. Qf2 Qe7 30. Qa7 Rg3 31. a3 Rxc3 32. bxc3 Qxa3 33.
Qb6 Qxc3 34. Rg1 Kb8 35. Bxa6 Bc8 36. Rg8 1-0

[Event "Southfield (MEX/5)"]
[Site "?"]
[Date "1982.??.??"]
[Round "?"]
[White "Gajic, Z.."]
[Black "Kavnatsky, V.."]
[Result "1/2-1/2"]
[WhiteElo "2320"]
[BlackElo "2255"]
[PlyCount "67"]
[EventDate "1982.??.??"]

1. e4 d6 2. d4 Nf6 3. Nc3 g6 4. f4 Bg7 5. Nf3 c6 6. Bd3 Qb6 7. e5 dxe5 8. fxe5
Nd5 9. Nxd5 cxd5 10. c3 Nc6 11. h3 O-O 12. Qe2 Bd7 13. Bf4 Rac8 14. Qf2 f6 15.
exf6 Rxf6 16. Bg5 Re6+ 17. Kf1 h6 18. Bh4 Rf8 19. Re1 Rxe1+ 20. Kxe1 Bf5 21.
Bxf5 Rxf5 22. Qc2 e5 23. Bf2 exd4 24. Kd1 d3 25. Qd2 Qa6 26. b3 Qa5 27. Bd4
Nxd4 28. cxd4 Qa6 29. Re1 h5 30. a4 Rf8 31. Re7 Bf6 32. Re3 Bg7 33. Qxd3 Qxd3+
34. Rxd3 1/2-1/2

[Event "Ann Arbor (MI Futurity/9)"]
[Site "?"]
[Date "1982.??.??"]
[Round "?"]
[White "Gajic, Z.."]
[Black "Buchholz, M.."]
[Result "0-1"]
[WhiteElo "2305"]
[BlackElo "2165"]
[PlyCount "48"]
[EventDate "1982.??.??"]

1. e4 e5 2. Bc4 Nc6 3. c3 Nf6 4. Qf3 Bc5 5. d3 d6 6. h3 Be6 7. Bg5 h6 8. Bxf6
Qxf6 9. Nd2 a6 10. Qxf6 gxf6 11. Ngf3 O-O-O 12. b4 Ba7 13. b5 axb5 14. Bxb5 Ne7
15. d4 c6 16. Bd3 Rhg8 17. g3 d5 18. dxe5 fxe5 19. g4 f6 20. Rh2 h5 21. gxh5
dxe4 22. Bxe4 f5 23. Bb1 e4 24. Nd4 Rxd4 0-1

[Event "East Lansing (MI Op/5)"]
[Site "?"]
[Date "1982.??.??"]
[Round "?"]
[White "Gajic, Z.."]
[Black "Brooks, John"]
[Result "1-0"]
[WhiteElo "2320"]
[BlackElo "2090"]
[PlyCount "109"]
[EventDate "1982.??.??"]

1. e4 Nf6 2. e5 Nd5 3. d4 d6 4. Nf3 Nb6 5. exd6 cxd6 6. c4 Bg4 7. b3 e6 8. Bb2
Be7 9. h3 Bxf3 10. Qxf3 d5 11. c5 N6d7 12. b4 Bf6 13. Qe3 a5 14. a3 axb4 15.
axb4 Rxa1 16. Bxa1 b6 17. Bc3 O-O 18. Bb5 Qc7 19. O-O Nc6 20. Qd3 bxc5 21. dxc5
Bxc3 22. Qxc3 Rb8 23. Bxc6 Qxc6 24. Na3 e5 25. Rc1 Rc8 26. Qb3 h5 27. Rc2 Qe6
28. Qa4 Rc6 29. Nb5 d4 30. Qa2 Qxa2 31. Rxa2 d3 32. f3 f5 33. Na7 Rc7 34. Kf2
e4 35. Ke3 f4+ 36. Kxe4 d2 37. Rxd2 Rxa7 38. Rxd7 Rxd7 39. c6 Rd1 40. b5 Rc1
41. Kd5 Kf7 42. b6 Rd1+ 43. Ke5 Rc1 44. b7 Rxc6 45. b8=Q Rf6 46. h4 Kg6 47. Qh8
Rf5+ 48. Ke4 Rf6 49. Qe8+ Kh6 50. Ke5 Rb6 51. Kxf4 Rf6+ 52. Ke5 Ra6 53. Qd8 Kh7
54. Qd3+ Rg6 55. g4 1-0

[Event "Southfield (MEX/1)"]
[Site "?"]
[Date "1982.??.??"]
[Round "?"]
[White "Gajic, Z.."]
[Black "Brooks, John"]
[Result "1-0"]
[WhiteElo "2320"]
[BlackElo "2090"]
[PlyCount "51"]
[EventDate "1982.??.??"]

1. e4 d5 2. exd5 Qxd5 3. Nc3 Qd6 4. d4 a6 5. Be3 Nf6 6. h3 Bf5 7. Bd3 Bxd3 8.
Qxd3 Nc6 9. Nf3 e5 10. dxe5 Nxe5 11. Nxe5 Qxe5 12. O-O-O Bd6 13. Bd4 Qg5+ 14.
Kb1 O-O-O 15. h4 Qh5 16. Qc4 Rhg8 17. f3 Bg3 18. Bxf6 Rxd1+ 19. Rxd1 gxf6 20.
Nd5 Rh8 21. Nxf6 Qf5 22. Ne4 Rg8 23. a3 Qf4 24. Rd4 Kb8 25. Nc5 Qh6 26. Qxf7
1-0

[Event "East Lansing (MI Op/1)"]
[Site "?"]
[Date "1982.??.??"]
[Round "?"]
[White "Gajic, Z.."]
[Black "Arganian, David G"]
[Result "1-0"]
[WhiteElo "2320"]
[BlackElo "1970"]
[PlyCount "109"]
[EventDate "1982.??.??"]

1. e4 e5 2. Bc4 Nf6 3. Qf3 c6 4. Nc3 Bc5 5. Nge2 O-O 6. a3 d5 7. exd5 Bg4 8.
Qg3 Bxe2 9. Bxe2 cxd5 10. d3 Nc6 11. Bg5 Kh8 12. O-O Nd4 13. Bf3 Nxc2 14. Bxf6
gxf6 15. Rac1 Nd4 16. Nxd5 Qxd5 17. Bxd5 Ne2+ 18. Kh1 Nxg3+ 19. fxg3 Bd4 20. b3
Rad8 21. Bxb7 Bb2 22. Rcd1 Bxa3 23. Rxf6 Kg7 24. Rf5 f6 25. g4 Rd7 26. Be4 Rc7
27. g5 Be7 28. gxf6+ Bxf6 29. g4 h6 30. Kg2 Rc3 31. b4 Rb3 32. Ra1 Rf7 33. Ra4
Rc7 34. Kg3 Be7 35. Ra6 Rxb4 36. Rxe5 Bf6 37. Ree6 Rf7 38. h4 Rb5 39. Bf5 Rc5
40. Kf3 Rb5 41. Ke4 Rb4+ 42. Kd5 Rd4+ 43. Kc5 Rf4 44. Rec6 Rf1 45. Be6 Rc1+ 46.
Bc4 Bxh4 47. Rg6+ Kf8 48. Rxh6 Bf2+ 49. Kd6 Bg3+ 50. Kd5 Kg7 51. Rag6+ Kf8 52.
Rh8+ Ke7 53. Bb5 Rf6 54. Rh7+ Rf7 55. Re6+ 1-0

[Event "Southfield (MEX/3)"]
[Site "?"]
[Date "1982.??.??"]
[Round "?"]
[White "Gabbara, Faris"]
[Black "Poschel, Paul"]
[Result "0-1"]
[WhiteElo "2075"]
[BlackElo "2290"]
[PlyCount "120"]
[EventDate "1982.??.??"]

1. e4 c5 2. Nf3 e6 3. d4 cxd4 4. Nxd4 Nf6 5. Bd3 Nc6 6. Nxc6 bxc6 7. c4 d5 8.
cxd5 cxd5 9. exd5 Qxd5 10. Be2 Bb4+ 11. Bd2 Bxd2+ 12. Nxd2 Bb7 13. Nf3 Qa5+ 14.
Qd2 Qxd2+ 15. Nxd2 Rc8 16. Bb5+ Ke7 17. Ba4 Rhd8 18. f3 Nd5 19. Ne4 Nb6 20. Bd1
Bxe4 21. fxe4 Rd4 22. Bf3 Rc2 23. b3 Rdd2 24. O-O Rxa2 25. Rfc1 Rxa1 26. Rxa1
Rd7 27. Kf2 Rc7 28. Ke3 Nd7 29. Be2 Rb7 30. b4 Ne5 31. Ra6 Nd7 32. h3 Nb6 33.
Kd4 Rc7 34. Bb5 f6 35. e5 Nd5 36. exf6+ gxf6 37. Bc4 Nb6 38. Bb3 Kd6 39. Bd1 f5
40. g4 e5+ 41. Kd3 e4+ 42. Ke3 Ke5 43. gxf5 Nd5+ 44. Kf2 Rf7 45. Ke1 Nxb4 46.
Ra5+ Kf4 47. Bb3 Rxf5 48. Rxa7 Ke3 49. Rf7 Nd3+ 50. Kd1 Rxf7 51. Bxf7 Nf2+ 52.
Ke1 Nxh3 53. Kf1 Nf4 54. Bc4 h5 55. Kg1 h4 56. Bb5 Kf3 57. Bc6 Ne6 58. Kh2 Ng5
59. Bd5 Kf4 60. Kg2 Ke3 0-1

[Event "Southfield (MEX/1)"]
[Site "?"]
[Date "1982.??.??"]
[Round "?"]
[White "Gabbara, Faris"]
[Black "Lindsay, F.."]
[Result "1/2-1/2"]
[WhiteElo "2075"]
[BlackElo "2270"]
[PlyCount "51"]
[EventDate "1982.??.??"]

1. e4 c5 2. Nf3 d6 3. d4 cxd4 4. Nxd4 Nf6 5. Nc3 a6 6. Bg5 e6 7. f4 h6 8. Bh4
Be7 9. Qf3 Nbd7 10. O-O-O Qc7 11. Qg3 g5 12. fxg5 Rg8 13. g6 Rxg6 14. Qh3 Ne5
15. Be2 Bd7 16. Bxf6 Bxf6 17. Bh5 Rg8 18. Nxe6 Qc8 19. Rxd6 Nc4 20. Nd5 Bg5+
21. Kb1 Nxd6 22. Ndc7+ Ke7 23. Nd5+ Ke8 24. Ndc7+ Ke7 25. Nd5+ Ke8 26. Ndc7+
1/2-1/2

[Event "Southfield (MEX/6)"]
[Site "?"]
[Date "1982.??.??"]
[Round "?"]
[White "Gabbara, Faris"]
[Black "Everett, Morgan"]
[Result "1/2-1/2"]
[WhiteElo "2075"]
[BlackElo "2050"]
[PlyCount "120"]
[EventDate "1982.??.??"]

1. e4 e5 2. f4 exf4 3. Nf3 d5 4. exd5 Nf6 5. Bb5+ c6 6. dxc6 bxc6 7. Bc4 Bd6 8.
Qe2+ Kf8 9. d4 Bg4 10. O-O Qc7 11. b3 Nbd7 12. Nc3 g5 13. Bd2 Re8 14. Qf2 Bxf3
15. Qxf3 g4 16. Qf2 Ne4 17. Nxe4 Rxe4 18. c3 Kg7 19. Bd3 Nf6 20. Bxe4 Nxe4 21.
Qe2 f5 22. Be1 Re8 23. Qc2 Re6 24. c4 f3 25. gxf3 gxf3 26. Rxf3 Rg6+ 27. Kh1
Rh6 28. Qg2+ Rg6 29. Qb2 Rh6 30. Qg2+ Rg6 31. Qh3 Ng5 32. Qxf5 Nxf3 33. Qxf3
Bxh2 34. Bd2 Bg3 35. Rg1 Qd6 36. Be3 Qc7 37. d5 Qe5 38. Rf1 Qe7 39. Bd4+ Kg8
40. Bf6 Qd7 41. Qf5 Qxf5 42. Rxf5 cxd5 43. cxd5 Rh6+ 44. Kg2 Bd6 45. Be5 Bxe5
46. Rxe5 Ra6 47. a4 Rb6 48. Re7 a5 49. Rc7 Rd6 50. Rc5 Ra6 51. Rc6 Ra8 52. d6
Kf7 53. d7 Rd8 54. Rc7 Ke6 55. Ra7 Rxd7 56. Ra6+ Rd6 57. Rxa5 Rb6 58. Rh5 Rxb3
59. Rxh7 Ra3 60. Rh6+ Kd5 1/2-1/2